000 00491nam a2200169Ia 4500
005 20250423101326.0
008 250422s9999 xx 000 0 und d
020 _a0-812-91774-X
050 _aTS 156 .G35/
100 _aGabor, Andrea
245 4 _aThe man who discovered quality : how W. Edwards Deming brought the quality revolution to America : the stories of Ford, Xerox, and GM
260 _aNew York
260 _bTimes Books
260 _c1990
300 _a326 p
942 _cBK
999 _c35973
_d35973